Normal view
MARC view
- Bravo Ahuja, Gloria
Entry Nombre Personal
001 - NUMERO DE CONTROL
- campo de control: 30130
003 - IDENTIFICADOR DE NUMERO DE CONTROL
- campo de control: UPN
005 - FECHA Y HORA DE LA ÜLTIMA TRANSACCIÓN
- campo de control: 20210219194411.0
008 - DATOS DE LONGITUD FIJA
- campo de control de longitud fija: nabaccnnaabn|||||||||| b |nc|||||d
035 ## - NUMERO DE CONTROL
- Número de control: UPN11000002236
040 ## - FUENTE DE CATALOGACIÓN
- Lenguaje de catalogación: SPA
- Agencia de transcripción: UPN
100 1# - ENCABEZAMIENTO - NOMBRE PERSONAL
- Nombre personal: Bravo Ahuja, Gloria
400 1# - VEÁSE - NOMBRE DE PERSONA
- Personal name: Ruiz Becerril de Bravo Ahuja, Gloria
400 1# - VEÁSE - NOMBRE DE PERSONA
- Personal name: Ruiz de Bravo Ahuja, Gloria
400 1# - VEÁSE - NOMBRE DE PERSONA
- Personal name: Bravo Ahuja, Gloria R. de
670 ## - FUENTE EN LA QUE SE LOCALIZARON DATOS
- Cita de la fuente: T
- Información localizada: Los materiales didácticos para la enseñanza del español a los indígenas mexicanos
902 ## - CATALOGADOR
- Catalogador: CAA/ 260510
